000 00880nam a2200205Ia 4500
003 OSt
005 20211021130116.0
008 210310s1986 ck fr 100 0 spa d
040 _aCO-JMCR
_cCO-JMCR
041 0 _aspa
082 0 4 _a350.63 /
_bS471a
_223
111 1 _aSeminario Centroamericano y del Caribe
_n(1 er :
_d1986 :
_cBogotá)
_941238
245 1 0 _aAdministración pública y planificación del desarrollo /
_c1er. Seminario Centroamericano y del Caribe ; coordinador general, Adolfo Rodríguez Bernal
260 _aBogotá :
_bMinisterio de Relaciones Exteriores: Fundación Friedrich Naumann: Esap,
_c1986
300 _a327 páginas ;
_c23 cm.
650 1 4 _aAdministración pública
_917893
_vCongresos, conferencias, etc.
_zColombia
650 2 4 _aPlanes de desarrollo
_zColombia
_911146
700 1 _aRodríguez Bernal, Adolfo,
_ecoordinador
_91738
942 _2ddc
_cBK
999 _c8651
_d8651